[Event "Schachbezirk Mittelfranken BezEM  A 2025"]
[Site "Nürnberg"]
[Date "2025.06.09"]
[Round "7.4"]
[White "Erlbeck, Peter"]
[Black "Liepold, Stefan"]
[Result "0-1"]
[WhiteElo "2024"]
[BlackElo "2076"]
[PlyCount "154"]
[GameId "2189002902323147"]
[EventDate "2025.??.??"]
[WhiteTeam "SW Nürnberg Süd"]
[BlackTeam "SC Erlangen 48/88"]

1. e4 e6 2. d4 d5 3. e5 c5 4. c3 Qb6 5. Nf3 Nc6 6. a3 Bd7 7. b4 cxd4 8. cxd4 Rc8 9. Bb2 Na5 10. Nc3 Nc4 11. Bxc4 Rxc4 12. O-O Nh6 13. Na4 Qa6 14. Nc5 Bxc5 15. dxc5 Ba4 16. Qd3 Nf5 17. Rfe1 O-O 18. Nd2 Rc2 19. Qxa6 bxa6 20. Bc1 Nd4 21. Nf3 Nxf3+ 22. gxf3 f6 23. Kg2 d4 24. f4 Bc6+ 25. Kg1 fxe5 26. Rxe5 Rf6 27. Rg5 d3 28. Be3 Bf3 29. Rg3 Rg6 30. Rxg6 hxg6 31. c6 d2 32. Bxd2 Rxd2 33. Rc1 Rd8 34. c7 Rc8 35. Rc3 Bd5 36. f3 Kf7 37. Kg2 Ke7 38. Kg3 Kd6 39. Kg4 Rxc7 40. Rxc7 Kxc7 41. Kg5 Bxf3 42. Kxg6 Kd6 43. Kxg7 Ke7 44. Kg6 Be4+ 45. Kg5 Bc6 46. Kg6 Be8+ 47. Kg5 Kf7 48. h4 Ba4 49. f5 Bc2 50. fxe6+ Kxe6 51. Kf4 Kd5 52. Ke3 Kc4 53. Kd2 Bh7 54. Kc1 Kb3 55. a4 Bg6 56. a5 Bh7 57. h5 Kc3 58. Kd1 Bf5 59. h6 Bd3 60. Ke1 Kc2 61. Kf2 Kd2 62. Kf3 Bh7 63. Kf2 Be4 64. Kf1 Ke3 65. Ke1 Bc2 66. Kf1 Kf4 67. Ke2 Kg5 68. Ke3 Kxh6 69. Kd4 Kg5 70. Kc5 Bd3 71. Kc6 Kf4 72. Kb7 Ke5 73. Kxa7 Kd4 74. Kb6 Bb5 75. Kc7 Kc4 76. Kd6 Kxb4 77. Kd5 Kxa5 0-1

[Event "Schachbezirk Mittelfranken BezEM  A 2025"]
[Site "Nürnberg"]
[Date "2025.06.09"]
[Round "7.5"]
[White "Kaza, Charith"]
[Black "Merdian, Nick"]
[Result "1/2-1/2"]
[WhiteElo "1659"]
[BlackElo "1874"]
[PlyCount "28"]
[GameId "2189008484287595"]
[EventDate "2025.??.??"]
[WhiteTeam "NT Nürnberg 1873"]
[BlackTeam "SC Postbauer-Heng e.V"]

1. e4 c5 2. Nf3 Nc6 3. d4 cxd4 4. Nxd4 e5 5. Nb5 d6 6. N1c3 a6 7. Na3 Be7 8. Be3 Nf6 9. f3 Be6 10. Bc4 Bxc4 11. Nxc4 b5 12. Nb6 Rb8 13. Nbd5 O-O 14. Qd2 Nd7 1/2-1/2

[Event "Schachbezirk Mittelfranken BezEM  A 2025"]
[Site "Nürnberg"]
[Date "2025.06.09"]
[Round "7.6"]
[White "Link, Andreas"]
[Black "Kanewski, Josef"]
[Result "1-0"]
[WhiteElo "2056"]
[BlackElo "1970"]
[PlyCount "79"]
[GameId "2189009276957986"]
[EventDate "2025.??.??"]
[WhiteTeam "SVG Zabo  Nürnberg"]
[BlackTeam "SW Nürnberg Süd"]

1. e4 c5 2. Nf3 Nc6 3. Bb5 g6 4. c3 Bg7 5. O-O Nf6 6. Re1 O-O 7. h3 Qc7 8. d3 a6 9. Ba4 b5 10. Bc2 e5 11. Be3 d6 12. a4 Bb7 13. Na3 b4 14. Nc4 Rad8 15. a5 Rfe8 16. Qe2 Bf8 17. Bg5 Be7 18. Qd2 d5 19. exd5 Nxd5 20. Bxe7 Rxe7 21. Qg5 f6 22. Qh4 Ree8 23. Bb3 Kg7 24. d4 exd4 25. cxd4 Nxd4 26. Nxd4 cxd4 27. Rxe8 Rxe8 28. Qxd4 Nf4 29. Qd6 Qc6 30. Qxc6 Bxc6 31. Ne3 Rd8 32. Bc4 Rd6 33. Bf1 Bb7 34. Rc1 Ne6 35. Rc4 Rd4 36. Nc2 Rd2 37. Rxb4 Bxg2 38. Kxg2 Rxc2 39. Bxa6 Nc5 40. Bf1 1-0

[Event "Schachbezirk Mittelfranken BezEM  A 2025"]
[Site "Nürnberg"]
[Date "2025.06.09"]
[Round "7.9"]
[White "Assem Gawdat Azmy, Mostafa"]
[Black "Alf, Michael"]
[Result "1-0"]
[WhiteElo "1787"]
[BlackElo "2002"]
[PlyCount "49"]
[GameId "2189072712096159"]
[EventDate "2025.??.??"]
[WhiteTeam "SC Erlangen 48/88"]
[BlackTeam "SK Leutershausen"]

1. e4 c5 2. Nf3 e6 3. d4 cxd4 4. Nxd4 a6 5. c4 Nf6 6. Nc3 Bb4 7. Bd3 Qc7 8. O-O Nc6 9. Be3 Nxd4 10. Bxd4 Bc5 11. Be2 d6 12. Rc1 Bd7 13. a3 Rd8 14. b4 Bxd4 15. Qxd4 O-O 16. Rfd1 Bc8 17. a4 Qe7 18. a5 d5 19. e5 Nd7 20. cxd5 exd5 21. Nxd5 Qxe5 22. Qxe5 Nxe5 23. Ne7+ Kh8 24. Rxd8 Rxd8 25. Rxc8 1-0

[Event "Schachbezirk Mittelfranken BezEM  A 2025"]
[Site "Nürnberg"]
[Date "2025.06.09"]
[Round "7.10"]
[White "Braun, Michael"]
[Black "Pölsterl, Hans"]
[Result "1-0"]
[WhiteElo "2064"]
[BlackElo "1904"]
[PlyCount "105"]
[GameId "2189074321836623"]
[EventDate "2025.??.??"]
[WhiteTeam "NT Nürnberg"]
[BlackTeam "BSG Wöhrlhaus Erlangen"]

1. d4 Nf6 2. c4 d6 3. Nf3 g6 4. g3 Bg7 5. Bg2 O-O 6. Nc3 Nbd7 7. O-O e5 8. e4 c6 9. h3 Qc7 10. Be3 Re8 11. d5 c5 12. a3 a6 13. Qd3 Rb8 14. Nd2 Nh5 15. Kh2 Rf8 16. Qe2 f5 17. exf5 Rxf5 18. Nde4 Rf8 19. Ng5 Ndf6 20. Ne6 Bxe6 21. dxe6 Qe7 22. Nd5 Qxe6 23. g4 e4 24. gxh5 Nxd5 25. cxd5 Qxd5 26. hxg6 Qe5+ 27. Kg1 b6 28. f3 exf3 29. Rxf3 Qxb2 30. Rxf8+ Rxf8 31. gxh7+ Kh8 32. Qxb2 Bxb2 33. Rb1 Re8 34. Kf2 Be5 35. Rxb6 Rf8+ 36. Ke2 Kxh7 37. Rxa6 Rb8 38. Ra7+ Kg6 39. Rb7 Re8 40. Bc6 Rh8 41. Be4+ Kf6 42. Bg2 Re8 43. Kf2 Bg3+ 44. Kf3 Be5 45. Rb6 Rc8 46. h4 c4 47. Bg5+ Kg7 48. Ke2 c3 49. Kd1 Rc5 50. Kc2 Ra5 51. Rb7+ Kg6 52. Be4+ Kh5 53. Bf5 1-0

[Event "Schachbezirk Mittelfranken BezEM  A 2025"]
[Site "Nürnberg"]
[Date "2025.06.09"]
[Round "7.11"]
[White "Meulner, Klaus"]
[Black "Dakic, Milan"]
[Result "1-0"]
[WhiteElo "1990"]
[BlackElo "1851"]
[PlyCount "67"]
[GameId "2189107348029149"]
[EventDate "2025.??.??"]
[WhiteTeam "SW Nürnberg Süd"]
[BlackTeam "SW Nürnberg Süd e.V"]

1. d4 Nf6 2. Nc3 g6 3. e4 d6 4. Bc4 Nxe4 5. Nxe4 d5 6. Bd3 dxe4 7. Bxe4 Bg7 8. Nf3 O-O 9. O-O Nd7 10. c3 c5 11. Qe2 cxd4 12. cxd4 Nf6 13. Bd3 Nd5 14. h3 a6 15. Bd2 b5 16. Rac1 Bb7 17. Rc5 Qd6 18. Ne5 f6 19. Nxg6 hxg6 20. Bxg6 f5 21. Qh5 Nf6 22. Qxf5 Be4 23. Qg5 Bxg6 24. Qxg6 Qxd4 25. Rg5 Rf7 26. Bc3 Qb6 27. Re1 Raf8 28. Re3 Nd5 29. Qxg7+ Rxg7 30. Rxg7+ Kh8 31. Rg6+ Rf6 32. Bxf6+ exf6 33. Reg3 Nf4 34. Rh6# 1-0

[Event "Schachbezirk Mittelfranken B BezEM 2025"]
[Site "Nürnberg"]
[Date "2025.06.06"]
[Round "1.1"]
[White "Bharathula, Agasthya"]
[Black "Dippel, Jörg"]
[Result "0-1"]
[WhiteElo "1748"]
[BlackElo "1901"]
[PlyCount "90"]
[GameId "2186222411088097"]
[EventDate "2025.??.??"]
[WhiteTeam "NT Nürnberg 1873"]
[BlackTeam "Anderssen Nbg 1929 e.V."]

1. e4 c6 2. d4 d5 3. Nc3 dxe4 4. Nxe4 Nf6 5. Nxf6+ exf6 6. Bd3 Bd6 7. c3 O-O 8. h3 Re8+ 9. Ne2 Qc7 10. O-O Nd7 11. Be3 Nf8 12. Qc2 g6 13. Rad1 b6 14. Rfe1 Bb7 15. Be4 Rad8 16. Bf3 Bc8 17. Qc1 Ba6 18. Bf4 Rxe2 19. Bxe2 Bxf4 20. Qc2 Bc8 21. Bf3 Bd6 22. Qe4 Bb7 23. b4 b5 24. Qh4 Kg7 25. Re2 Ne6 26. Qe4 Ng5 27. Qd3 Nxf3+ 28. Qxf3 a6 29. a3 Bc8 30. Rde1 Bd7 31. Qd3 Qc8 32. Rd1 Be6 33. Qe3 Bd5 34. Rde1 Qf5 35. Qc1 Bf4 36. Qd1 Qg5 37. g3 Bd6 38. Qc2 h5 39. Re8 Rxe8 40. Rxe8 h4 41. g4 Qf4 42. Rd8 Qh2+ 43. Kf1 Bc4+ 44. Ke1 Qg1+ 45. Kd2 Bf4# 0-1

[Event "Schachbezirk Mittelfranken B BezEM 2025"]
[Site "Nürnberg"]
[Date "2025.06.06"]
[Round "1.2"]
[White "Süß, Helmut"]
[Black "Barnowski, Roman"]
[Result "1-0"]
[WhiteElo "1866"]
[BlackElo "1740"]
[PlyCount "97"]
[GameId "2186225435681011"]
[EventDate "2025.??.??"]
[WhiteTeam "NT Nürnberg"]
[BlackTeam "SW Nürnberg Süd"]

1. d4 Nf6 2. Bf4 e6 3. e3 d5 4. c4 Bb4+ 5. Nc3 O-O 6. a3 Bxc3+ 7. bxc3 b6 8. Qc2 a5 9. cxd5 exd5 10. Nf3 Nbd7 11. Bd3 h6 12. h3 Bb7 13. O-O Re8 14. Nd2 c5 15. Bb5 Ba6 16. Bxa6 Rxa6 17. Rab1 c4 18. Rb5 Qe7 19. a4 Qe6 20. Rfb1 Ne4 21. Nxe4 Qxe4 22. Qxe4 dxe4 23. Bc7 Re6 24. Rd5 Nf6 25. Rd8+ Kh7 26. d5 Re7 27. d6 Rd7 28. Rxd7 Nxd7 29. Rd1 f5 30. Rd4 Kg8 31. Rxc4 Kf7 32. Rd4 Ke6 33. f3 Nc5 34. fxe4 fxe4 35. Kf2 Kd7 36. Kg3 Ne6 37. Rxe4 Nxc7 38. dxc7 Ra7 39. Re7+ Kc8 40. Re8+ Kxc7 41. Re7+ Kb8 42. Rxa7 Kxa7 43. c4 Kb7 44. Kf4 Kc6 45. e4 Kd6 46. Kf5 Ke7 47. Ke5 g6 48. Kd5 h5 49. h4 1-0

[Event "Schachbezirk Mittelfranken B BezEM 2025"]
[Site "Nürnberg"]
[Date "2025.06.06"]
[Round "1.3"]
[White "Martick, Ralph"]
[Black "Nüßlein, Christian Thomas"]
[Result "1/2-1/2"]
[WhiteElo "1737"]
[BlackElo "1851"]
[PlyCount "81"]
[GameId "2186231409172741"]
[EventDate "2025.??.??"]
[WhiteTeam "SV Postbauer e.V."]
[BlackTeam "SC Anderssen Nürnberg"]

1. b3 e5 2. Bb2 Nc6 3. e3 Bc5 4. Ne2 d6 5. d4 exd4 6. exd4 Bb6 7. Nbc3 Nf6 8. g3 Bg4 9. Qd2 Bf3 10. Rg1 Ba5 11. Qe3+ Be4 12. f3 Nb4 13. Rc1 Nbd5 14. Qf2 Bg6 15. Bh3 O-O 16. Kf1 Re8 17. Kg2 Ne3+ 18. Kh1 Nxc2 19. Nf4 Nb4 20. Rgd1 c6 21. a3 Nbd5 22. Ncxd5 Nxd5 23. Nxd5 cxd5 24. b4 Bb6 25. Re1 Qf6 26. Rxe8+ Rxe8 27. Rc8 Rxc8 28. Bxc8 Qe7 29. Bh3 Bd8 30. Bf1 Qc7 31. Kg2 Qc2 32. Qxc2 Bxc2 33. Kf2 Bb3 34. Ke3 a6 35. Bh3 b6 36. Bc3 Bc4 37. Bc8 Kf8 38. g4 h6 39. Be1 Be7 40. Bd7 Bf6 41. Ba4 1/2-1/2

[Event "Schachbezirk Mittelfranken B BezEM 2025"]
[Site "Nürnberg"]
[Date "2025.06.06"]
[Round "1.4"]
[White "Balhar, Michael"]
[Black "Atturi, Sathwik Reddy"]
[Result "1-0"]
[WhiteElo "1847"]
[BlackElo "1729"]
[PlyCount "129"]
[GameId "2186234107756823"]
[EventDate "2025.??.??"]
[WhiteTeam "SC Erlangen 48/88"]
[BlackTeam "Zabo-Eintracht Nürnberg e.V"]

1. e4 e5 2. Nf3 Nc6 3. Bc4 Bc5 4. d3 Nf6 5. c3 d6 6. h3 Be6 7. Bb5 O-O 8. Nbd2 Ne7 9. Nf1 Ng6 10. Ng3 c6 11. Ba4 b5 12. Bc2 d5 13. d4 Bd6 14. Be3 exd4 15. Nxd4 Bxg3 16. fxg3 Qc7 17. Nxe6 fxe6 18. O-O Qxg3 19. Rf3 Qc7 20. exd5 Ne5 21. Rf2 exd5 22. Bd4 Ned7 23. Qd2 Rae8 24. Raf1 Ne4 25. Rxf8+ Nxf8 26. Bxe4 Rxe4 27. Qg5 Ng6 28. Qf5 a6 29. Bc5 Re8 30. h4 b4 31. h5 Nf4 32. Rxf4 h6 33. cxb4 Re1+ 34. Rf1 Rxf1+ 35. Kxf1 Qb8 36. Qe6+ Kh8 37. Qxc6 Qf4+ 38. Bf2 Qd2 39. Qe8+ Kh7 40. Qe2 Qc1+ 41. Be1 Qf4+ 42. Kg1 Qd4+ 43. Kh1 Qf6 44. Bc3 Qh4+ 45. Kg1 Qg5 46. Qe5 Qxe5 47. Bxe5 g6 48. hxg6+ Kxg6 49. Kf2 Kf5 50. Bg7 h5 51. Kf3 Kg5 52. g3 Kf5 53. a4 Ke6 54. Ke3 Kd6 55. Kd4 Kc6 56. Bf8 Kb6 57. Kxd5 h4 58. gxh4 Ka7 59. Kc6 a5 60. b5 Ka8 61. h5 Ka7 62. h6 Kb8 63. h7 Ka8 64. h8=Q Ka7 65. Bc5# 1-0

[Event "Schachbezirk Mittelfranken B BezEM 2025"]
[Site "Nürnberg"]
[Date "2025.06.06"]
[Round "1.5"]
[White "Nikolaiev, Hennadii"]
[Black "Schlötterer, Hermann"]
[Result "0-1"]
[WhiteElo "1698"]
[BlackElo "1836"]
[PlyCount "124"]
[GameId "2186238081335593"]
[EventDate "2025.??.??"]
[WhiteTeam "NT Nürnberg 1873"]
[BlackTeam "Zabo-Eintracht Nürnberg e.V"]

1. d4 Nf6 2. Bf4 c5 3. e3 e6 4. c3 d5 5. Nd2 cxd4 6. exd4 Be7 7. Ngf3 Nc6 8. Bd3 O-O 9. Ne5 Nxe5 10. Bxe5 g6 11. O-O Nh5 12. Be2 Ng7 13. g4 Bd6 14. Nf3 f6 15. Bg3 Bxg3 16. hxg3 e5 17. dxe5 Bxg4 18. exf6 Rxf6 19. Nd4 Bh3 20. Re1 Qf8 21. Bf3 Qf7 22. Kh2 Bd7 23. Kg2 Rf8 24. Rf1 Kh8 25. Qe2 Re8 26. Qd2 Rf8 27. Qe2 Re8 28. Qd2 Nf5 29. Nxf5 Rxf5 30. Bg4 Rfe5 31. Bxd7 Qxd7 32. Rfe1 Qf5 33. Qd4 Kg8 34. Rxe5 Rxe5 35. Rd1 Kf7 36. Rd3 Qe4+ 37. Qxe4 dxe4 38. Re3 Kf6 39. f3 exf3+ 40. Rxf3+ Ke6 41. Rf2 g5 42. Rd2 h5 43. Kf2 h4 44. gxh4 gxh4 45. Kg2 Re3 46. Kf2 Rh3 47. Kg2 Rg3+ 48. Kh2 Re3 49. c4 Ke5 50. b3 b6 51. Kg2 Ke4 52. Kf2 Rf3+ 53. Kg2 Ke3 54. Rc2 Rg3+ 55. Kh2 Kd3 56. Rb2 Kc3 57. Rf2 Rd3 58. Rf5 Rd2+ 59. Kh3 Rxa2 60. c5 bxc5 61. Rxc5+ Kxb3 62. Kxh4 a5 0-1

[Event "Schachbezirk Mittelfranken B BezEM 2025"]
[Site "Nürnberg"]
[Date "2025.06.06"]
[Round "1.6"]
[White "Hahn, Thomas"]
[Black "Ratushnyi, Artur"]
[Result "0-1"]
[WhiteElo "1832"]
[BlackElo "1694"]
[PlyCount "46"]
[GameId "2186244693864766"]
[EventDate "2025.??.??"]
[WhiteTeam "Zabo-Eintracht Nürnberg e.V"]
[BlackTeam "SW Nürnberg Süd e.V"]

1. e4 e5 2. f4 d5 3. exd5 exf4 4. Nf3 Nf6 5. Bb5+ Bd7 6. Bxd7+ Nbxd7 7. O-O Nxd5 8. c4 N5b6 9. d4 Be7 10. b3 O-O 11. Bxf4 c5 12. Nc3 Bf6 13. Ne4 Re8 14. Nd6 Re6 15. Nxb7 Qc8 16. Nd6 Qc7 17. Ne8 Qxf4 18. Nxf6+ Nxf6 19. dxc5 Qe3+ 20. Kh1 Qxc5 21. Qc2 Rae8 22. Rad1 Ng4 23. Rd2 Ne3 0-1

[Event "Schachbezirk Mittelfranken B BezEM 2025"]
[Site "Nürnberg"]
[Date "2025.06.06"]
[Round "1.7"]
[White "Sarcevic, Ivo"]
[Black "Weißmann, Peter"]
[Result "0-1"]
[WhiteElo "1693"]
[BlackElo "1813"]
[PlyCount "124"]
[GameId "2186246009844045"]
[EventDate "2025.??.??"]
[WhiteTeam "SW Nürnberg Süd"]
[BlackTeam "SG 1882 Fürth"]

1. e4 e5 2. Nf3 f5 3. exf5 e4 4. Nd4 Nf6 5. d3 c5 6. Nb3 d5 7. Bg5 exd3 8. Bxf6 Qxf6 9. Bxd3 c4 10. Qe2+ Qe7 11. Qxe7+ Bxe7 12. Nd4 cxd3 13. cxd3 Nc6 14. Ne6 Bxe6 15. fxe6 Nd4 16. Kd2 O-O 17. Nc3 Rxf2+ 18. Ke3 Rxb2 19. Nxd5 Nc2+ 20. Kf3 Rf8+ 21. Kg4 h5+ 22. Kh3 Re8 23. Rab1 Rxb1 24. Rxb1 b6 25. Rc1 Nd4 26. Rc7 Bd6 27. Rxa7 Rxe6 28. Nxb6 Kh7 29. Nc4 Ne2 30. Rd7 Bc5 31. a4 Kh6 32. g3 Nc3 33. a5 Ra6 34. Kg2 Bb4 35. Rc7 Nd5 36. Rc8 Nf6 37. h3 Bxa5 38. Nxa5 Rxa5 39. Rc4 Rd5 40. Rc3 Kg5 41. Kf3 Kf5 42. Ke3 g5 43. Rc4 Ra5 44. Kd4 g4 45. h4 Ra1 46. Rc5+ Kg6 47. Rc6 Re1 48. Rc5 Rg1 49. Rg5+ Kf7 50. Ke5 Rxg3 51. d4 Rf3 52. d5 g3 53. d6 Ng4+ 54. Ke4 Re3+ 55. Kf4 g2 56. Rxh5 g1=Q 57. Rf5+ Ke6 58. Rg5 Rd3 59. Rxg4 Rd4+ 60. Kg5 Qxg4+ 61. Kh6 Kf6 62. Kh7 Qg7# 0-1

[Event "Schachbezirk Mittelfranken B BezEM 2025"]
[Site "Nürnberg"]
[Date "2025.06.06"]
[Round "1.8"]
[White "Waschner, Chili"]
[Black "Galter, Norbert"]
[Result "1-0"]
[WhiteElo "1807"]
[BlackElo "1690"]
[PlyCount "49"]
[GameId "2186256024487827"]
[EventDate "2025.??.??"]
[WhiteTeam "Zabo-Eintracht Nürnberg e.V"]
[BlackTeam "Zabo-Eintracht Nürnberg e.V"]

1. d4 d5 2. Nc3 Nf6 3. Bf4 Bf5 4. e3 e6 5. Nf3 Bd6 6. Ne5 a6 7. g4 Bg6 8. h4 h6 9. Nxg6 fxg6 10. Bxd6 Qxd6 11. Bd3 Nc6 12. Bxg6+ Kd7 13. a3 e5 14. dxe5 Nxe5 15. Bf5+ Ke7 16. h5 Rae8 17. Qe2 Kd8 18. O-O-O c6 19. f4 Ned7 20. Qf3 Qc5 21. Rhe1 Re7 22. e4 Nxe4 23. Nxe4 dxe4 24. Rxe4 Rhe8 25. Red4 1-0

[Event "Schachbezirk Mittelfranken B BezEM 2025"]
[Site "Nürnberg"]
[Date "2025.06.06"]
[Round "1.9"]
[White "Jain, Vihaan"]
[Black "Walch, Roger"]
[Result "1-0"]
[WhiteElo "1623"]
[BlackElo "1804"]
[PlyCount "55"]
[GameId "2186257400297378"]
[EventDate "2025.??.??"]
[WhiteTeam "SK 1911 Herzogenaurach e.V."]
[BlackTeam "SW Nürnberg Süd"]

1. e4 c5 2. c3 Nc6 3. Nf3 e5 4. d4 cxd4 5. cxd4 Bb4+ 6. Bd2 exd4 7. Bxb4 Nxb4 8. Nxd4 Qe7 9. Nc3 Nf6 10. Nf5 Qe5 11. Qd6 Qxd6 12. Nxd6+ Kf8 13. O-O-O a6 14. Bc4 b5 15. Bxf7 Nc6 16. Bd5 Nxd5 17. Nxd5 Ne7 18. Nb6 Ra7 19. Ndxc8 Nxc8 20. Rxd7 Rxd7 21. Nxd7+ Ke7 22. Nc5 a5 23. Rd1 Nb6 24. Nb7 a4 25. Nd6 b4 26. Nf5+ Kf7 27. Rd4 Rc8+ 28. Kd1 1-0

[Event "Schachbezirk Mittelfranken B BezEM 2025"]
[Site "Nürnberg"]
[Date "2025.06.06"]
[Round "1.10"]
[White "Schäfer, Ann-Kathrin"]
[Black "Bharathula, Akhila"]
[Result "1-0"]
[WhiteElo "1795"]
[BlackElo "1616"]
[PlyCount "141"]
[GameId "2186574635872327"]
[EventDate "2025.??.??"]
[WhiteTeam "SC JÄKLECHEMIE"]
[BlackTeam "NT Nürnberg 1873"]

1. d4 d5 2. Nf3 Nf6 3. e3 e6 4. Bd3 c5 5. b3 Nc6 6. Nbd2 cxd4 7. exd4 Bd6 8. Bb2 Bd7 9. O-O O-O 10. a3 Qc7 11. Qe1 Ng4 12. h3 Nh2 13. Nxh2 Bxh2+ 14. Kh1 Bf4 15. Nf3 Rfe8 16. Ne5 f6 17. Nxd7 Qxd7 18. Qd1 e5 19. dxe5 Nxe5 20. Be2 Rad8 21. Bh5 Re7 22. Qd4 Qf5 23. Qc5 Nc6 24. Bg4 Qe4 25. Bf3 Qe6 26. Rad1 Red7 27. Rfe1 Qf7 28. c4 dxc4 29. Rxd7 Qxd7 30. Qxc4+ Qf7 31. Qxf4 Qxb3 32. Qc1 Qb6 33. Qc4+ Kh8 34. Qf7 Ne5 35. Bxe5 fxe5 36. Rxe5 Qb1+ 37. Kh2 Qg6 38. Qxg6 hxg6 39. Bxb7 Rd2 40. f3 Rd3 41. Ra5 a6 42. Rxa6 Rd8 43. Rxg6 Rd3 44. Ra6 Kg8 45. Be4 Rd4 46. Ra8+ Kf7 47. a4 Rd1 48. a5 Ra1 49. a6 Ra4 50. a7 Ra6 51. Bd5+ Kg6 52. Be4+ Kf7 53. Rf8+ Kxf8 54. a8=Q+ Rxa8 55. Bxa8 Kf7 56. Kg3 Kg6 57. Kg4 Kh6 58. f4 Kg6 59. f5+ Kf6 60. Be4 Kf7 61. Kg5 Kg8 62. Kg6 Kh8 63. h4 Kg8 64. h5 Kh8 65. h6 Kg8 66. Bd5+ Kf8 67. hxg7+ Ke7 68. g8=Q Kd7 69. Qe6+ Kc7 70. Qc6+ Kb8 71. Qb7# 1-0

[Event "Schachbezirk Mittelfranken B BezEM 2025"]
[Site "Nürnberg"]
[Date "2025.06.06"]
[Round "1.11"]
[White "Majid, Hakim"]
[Black "Gottlieb, Michael"]
[Result "0-1"]
[WhiteElo "1613"]
[BlackElo "1789"]
[PlyCount "69"]
[GameId "2186578092126332"]
[EventDate "2025.??.??"]
[WhiteTeam "SW Nürnberg Süd"]
[BlackTeam "SV Postbauer e.V."]

1. Nc3 e5 2. e4 Nf6 3. Bc4 Nc6 4. d4 Nxd4 5. Be3 Nc6 6. Nf3 Bb4 7. O-O O-O 8. Bd3 Bxc3 9. bxc3 d5 10. exd5 Nxd5 11. Bg5 f6 12. Bd2 Be6 13. c4 Ndb4 14. Be2 e4 15. Ne1 a5 16. a3 Na6 17. Qc1 Ne5 18. Bxa5 Nxc4 19. Bc3 Re8 20. Qb1 Nc5 21. Qb4 Na6 22. Qxb7 Bd5 23. Qb5 c6 24. Qb1 Rb8 25. Qc1 Nc5 26. Bb4 Na4 27. g3 e3 28. Bd3 c5 29. Bxc4 Bxc4 30. Nd3 Bxd3 31. cxd3 cxb4 32. axb4 Rxb4 33. Qa3 Qd4 34. Qa2+ Kh8 35. Qa3 0-1

[Event "Schachbezirk Mittelfranken B BezEM 2025"]
[Site "Nürnberg"]
[Date "2025.06.06"]
[Round "1.12"]
[White "Lang, Franz"]
[Black "Chitluri, Prajna Sai"]
[Result "1-0"]
[WhiteElo "1782"]
[BlackElo "1584"]
[PlyCount "111"]
[GameId "2186581637509968"]
[EventDate "2025.??.??"]
[WhiteTeam "SG Eckental"]
[BlackTeam "SW Nürnberg Süd e.V"]

1. e4 e5 2. Nc3 Nf6 3. f4 exf4 4. e5 Qe7 5. Qe2 Ng8 6. d4 Qh4+ 7. Qf2 Qxf2+ 8. Kxf2 Nc6 9. Nf3 d6 10. Nd5 Kd8 11. Bxf4 Be6 12. c4 dxe5 13. Nxe5 Nxd4 14. Rd1 c5 15. Bd3 Ne7 16. Be4 Kc8 17. Be3 f5 18. Bxd4 fxe4 19. Bc3 Nxd5 20. cxd5 Bd7 21. Rhf1 Bd6 22. Ke3 Bxe5 23. Bxe5 Bb5 24. Rf7 Bd3 25. Rc7+ Kd8 26. Rxc5 Rg8 27. Rdc1 b6 28. Rc7 h6 29. Bxg7 h5 30. g3 a6 31. d6 b5 32. Bf6+ Ke8 33. d7+ Kf8 34. d8=Q+ Rxd8 35. Bxd8 Ke8 36. Bh4 Rf8 37. Rc8+ Kf7 38. R1c7+ Kg8 39. Rxf8+ Kxf8 40. Bg5 Kg8 41. Bh6 Kh8 42. b4 Kg8 43. a3 Kh8 44. Kd4 Kg8 45. Ke5 e3 46. Bxe3 Kh8 47. Kf6 Bb1 48. Bd4 Kg8 49. Kg5 Kf8 50. Kxh5 Kg8 51. Bc5 Kh8 52. Kh6 Kg8 53. g4 Bd3 54. g5 Bb1 55. g6 Bd3 56. Rc8# 1-0

[Event "Schachbezirk Mittelfranken B BezEM 2025"]
[Site "Nürnberg"]
[Date "2025.06.06"]
[Round "1.13"]
[White "Hanek, Erik"]
[Black "Müller, Gerhard"]
[Result "1-0"]
[WhiteElo "1478"]
[BlackElo "1780"]
[PlyCount "63"]
[GameId "2186585270231907"]
[EventDate "2025.??.??"]
[WhiteTeam "SW Nürnberg Süd e.V"]
[BlackTeam "SW Nürnberg Süd"]

1. e4 c5 2. d4 cxd4 3. Qxd4 Nc6 4. Qd1 e5 5. Nf3 Nf6 6. Bg5 Be7 7. Nbd2 d5 8. exd5 Nxd5 9. Bxe7 Ndxe7 10. Bd3 O-O 11. O-O Qb6 12. Nc4 Qc5 13. a3 a5 14. Qe2 f6 15. b4 Qa7 16. Nd6 Be6 17. b5 Nd4 18. Nxd4 Qxd4 19. Rfd1 Qb6 20. Bc4 Nd5 21. Rxd5 Qc7 22. Qd3 Bxd5 23. Qxd5+ Kh8 24. Nf7+ Rxf7 25. Qxf7 Qc5 26. Rd1 Rf8 27. Qd5 Qc7 28. Qd6 Qc8 29. b6 Qa8 30. Qe7 Re8 31. Qc7 Rc8 32. Be6 1-0

[Event "Schachbezirk Mittelfranken B BezEM 2025"]
[Site "Nürnberg"]
[Date "2025.06.06"]
[Round "1.14"]
[White "Babichev, Vyacheslav"]
[Black "Schwarzfischer, Andreas"]
[Result "1-0"]
[WhiteElo "1801"]
[BlackElo "1350"]
[PlyCount "81"]
[GameId "2186587984876988"]
[EventDate "2025.??.??"]
[WhiteTeam "SW Nürnberg Süd e.V"]
[BlackTeam "SW Nürnberg Süd e.V"]

1. e4 d5 2. exd5 Qxd5 3. d4 e5 4. Be3 Nc6 5. c4 Qd8 6. d5 Bb4+ 7. Nc3 Nce7 8. Qa4+ Nc6 9. dxc6 Bxc3+ 10. bxc3 b6 11. Nf3 e4 12. Nd4 Nf6 13. Qa3 Bg4 14. h3 Bh5 15. Be2 Bg6 16. Rd1 Qb8 17. Bf4 a6 18. O-O h6 19. Rfe1 Ng8 20. Bg4 Ne7 21. Bd7+ Kf8 22. f3 Qd8 23. fxe4 Kg8 24. Nf5 Kf8 25. Nxe7 Qxe7 26. Qxe7+ Kxe7 27. Bxc7 b5 28. c5 f6 29. Bb6 Be8 30. e5 f5 31. e6 a5 32. c7 Bxd7 33. Rxd7+ Kf6 34. Rd8 b4 35. cxb4 axb4 36. e7 Kf7 37. e8=Q+ Rxe8 38. Rexe8 Rxa2 39. c8=Q Ra1+ 40. Kh2 Rf1 41. Qe6# 1-0

[Event "Schachbezirk Mittelfranken B BezEM 2025"]
[Site "Nürnberg"]
[Date "2025.06.06"]
[Round "1.15"]
[White "Nikolaiev, Mykyta"]
[Black "Werner, Norbert"]
[Result "0-1"]
[WhiteElo "1211"]
[BlackElo "1771"]
[PlyCount "68"]
[GameId "2186446321709149"]
[EventDate "2025.??.??"]
[WhiteTeam "SGem 1882 Fürth"]
[BlackTeam "SW Nürnberg Süd e.V"]

1. f4 d5 2. Nf3 c5 3. e3 Nc6 4. Bb5 a6 5. Bxc6+ bxc6 6. b3 Nf6 7. Bb2 e6 8. Ne5 Bb7 9. O-O d4 10. c4 g6 11. Qf3 h5 12. e4 Bg7 13. d3 Nh7 14. Na3 O-O 15. h3 a5 16. g4 Bxe5 17. fxe5 Ng5 18. Qh1 hxg4 19. hxg4 Kg7 20. Bc1 Rh8 21. Rxf7+ Nxf7 22. Qg2 Nxe5 23. Qg3 Nf7 24. g5 Rh5 25. Kf2 Nxg5 26. Nc2 Qf6+ 27. Ke2 Rf8 28. Bxg5 Rxg5 29. Qc7+ Rf7 30. Qh2 Qf3+ 31. Kd2 Rg2+ 32. Qxg2 Qxg2+ 33. Kc1 Rf1+ 34. Ne1 Rxe1# 0-1

[Event "Schachbezirk Mittelfranken B BezEM 2025"]
[Site "Nürnberg"]
[Date "2025.06.06"]
[Round "1.16"]
[White "Khachatryan, Avetis"]
[Black "Pickl, Dennis"]
[Result "1-0"]
[WhiteElo "1768"]
[BlackElo "1000"]
[PlyCount "59"]
[GameId "2186592846656989"]
[EventDate "2025.??.??"]
[WhiteTeam "SG Eckental"]
[BlackTeam "SG Büchenbach/Roth"]

1. e4 c5 2. c3 g6 3. d4 cxd4 4. cxd4 Bg7 5. Nf3 e6 6. Nc3 Ne7 7. Be2 O-O 8. O-O Nbc6 9. Be3 d5 10. e5 Bd7 11. Qd2 Nf5 12. Bf4 a6 13. g4 Nfe7 14. Bh6 f6 15. exf6 Rxf6 16. Bxg7 Kxg7 17. Ne5 Qc7 18. f4 Rd8 19. Rad1 b5 20. Qe3 Na5 21. Qh3 Nc4 22. Bxc4 bxc4 23. Rf3 Rb8 24. g5 Rf5 25. Qh6+ Kg8 26. Rh3 Rxf4 27. Qxh7+ Kf8 28. Qh8+ Ng8 29. Nxg6+ Ke8 30. Qxg8+ 1-0

[Event "Schachbezirk Mittelfranken B BezEM 2025"]
[Site "Nürnberg"]
[Date "2025.06.07"]
[Round "2.1"]
[White "Dippel, Jörg"]
[Black "Lang, Franz"]
[Result "1/2-1/2"]
[WhiteElo "1901"]
[BlackElo "1782"]
[PlyCount "75"]
[GameId "2189116115023044"]
[EventDate "2025.??.??"]
[WhiteTeam "Anderssen Nbg 1929 e.V."]
[BlackTeam "SG Eckental"]

1. e4 d6 2. d4 Nf6 3. Bd3 e5 4. d5 c6 5. c4 Be7 6. Ne2 O-O 7. Ng3 Nbd7 8. Nc3 Nc5 9. Bc2 a5 10. h3 Qc7 11. Be3 b6 12. Rc1 Ba6 13. b3 Rfd8 14. Nf5 Bf8 15. Bg5 Ncd7 16. Qf3 Re8 17. O-O Rac8 18. Qg3 Nh5 19. Qh4 Ndf6 20. g4 Nf4 21. Bxf4 exf4 22. g5 Nd7 23. dxc6 Qxc6 24. Nd5 Ne5 25. Qxf4 a4 26. Qg3 Qc5 27. Kg2 b5 28. f4 bxc4 29. fxe5 cxb3 30. Bd3 Qxc1 31. Rxc1 Rxc1 32. axb3 axb3 33. Bxa6 Rc2+ 34. Kf3 b2 35. Nh6+ gxh6 36. gxh6+ Kh8 37. Qf4 b1=Q 38. Qf6+ 1/2-1/2